Interviewing : (Record no. 802)

MARC details
000 -LEADER
fixed length control field 00679nam a2200217 a 4500
001 - CONTROL NUMBER
control field 802
005 - DATE AND TIME OF LATEST TRANSACTION
control field 20221127090027.0
008 - FIXED-LENGTH DATA ELEMENTS--GENERAL INFORMATION
fixed length control field 050920s lxxua 00100 eng d
020 ## - INTERNATIONAL STANDARD BOOK NUMBER
International Standard Book Number 0072987766 :
Terms of availability SR277.00
035 ## - SYSTEM CONTROL NUMBER
System control number 815
082 04 - DEWEY DECIMAL CLASSIFICATION NUMBER
Classification number 658.31124
Item number St49 2006
100 1# - MAIN ENTRY--PERSONAL NAME
Personal name Stewart, Charles J.
245 10 - TITLE STATEMENT
Title Interviewing :
Remainder of title principles and practies /
Statement of responsibility, etc. Charles J. Stewart, William Cash.
250 ## - EDITION STATEMENT
Edition statement 11th ed.
260 ## - PUBLICATION, DISTRIBUTION, ETC.
Place of publication, distribution, etc. Boston, Mass. :
Name of publisher, distributor, etc. McGraw-Hill,
Date of publication, distribution, etc. 2006.
300 ## - PHYSICAL DESCRIPTION
Extent xxi, 393 p. :
Other physical details ill. ;
Dimensions 23 cm.
504 ## - BIBLIOGRAPHY, ETC. NOTE
Bibliography, etc. note Includes bibl. refrerences and index.
650 #4 - SUBJECT ADDED ENTRY--TOPICAL TERM
Topical term or geographic name entry element Interviewing
Form subdivision Textbooks.
650 #4 - SUBJECT ADDED ENTRY--TOPICAL TERM
Topical term or geographic name entry element Employment interviewing.
700 1# - ADDED ENTRY--PERSONAL NAME
Personal name Cash, William B.,
Relator term jt. auth.
Holdings
Withdrawn status Lost status Source of classification or shelving scheme Damaged status Not for loan Home library Current library Date acquired Total Checkouts Full call number Barcode Date last seen Copy number Price effective from Koha item type
          CENTRAL CENTRAL 11/27/2022   658.31124 St49 2006 1000000000005 11/27/2022 C1 11/27/2022 Book
    Dewey Decimal Classification     KHOBAR KHOBAR 11/27/2022   658.31124 St49 2006 1000000000004 11/27/2022 C2 11/27/2022 Book